| 000 | 00940nac a22002771u 4500 | ||
|---|---|---|---|
| 003 | EG-ScBUE | ||
| 005 | 20220210105710.0 | ||
| 008 | 090705s1995 ii f 000 1 eng d | ||
| 020 | _a9953330964 | ||
| 040 |
_aEG-ScBUE _beng _erda _cEG-ScBUE _dEG-ScBUE |
||
| 082 | 0 | 4 |
_a823.912 _bWOO _222 |
| 100 | 1 |
_aWoolf, Virginia, _d1882-1941, _eauthor. _97548 |
|
| 245 | 1 | 0 |
_aTo the lighthouse / _cBy Virginia Woolf, by C. D. Verma, Department of English, Hans Raj College, University of Delhi. |
| 250 | _aTwelfth edition. | ||
| 264 | 1 |
_aNew Delhi : _bAarti Book Centre, _c1995. |
|
| 300 |
_a232 pages ; _c19 cm |
||
| 336 |
_2rdacontent _atext _btxt |
||
| 337 |
_2rdamedia _aunmediated _bn |
||
| 338 |
_2rdacarrier _avolume _bnc |
||
| 650 | 7 |
_aEnglish Fiction. _97550 _2BUEsh |
|
| 651 | _2BUEsh | ||
| 653 |
_bHHUUEENN _cFebruary2022 |
||
| 655 |
_vReading book _934232 |
||
| 700 | 1 |
_aVerma, C. D. _eauthor. |
|
| 942 |
_cBB _k823.912 WOO _2ddc |
||
| 999 |
_c12195 _d12195 |
||